Minecraft Mobs That End in E - Statistics

General Stats
  • This quiz has been taken 5 times
  • The average score is 3 of 11
Answer Stats
Mob Name % Correct
Endermite
100%
Bee
50%
Blaze
25%
Breeze
25%
Mule
25%
Slime
25%
Magma Cube
0%
Piglins Brute
0%
Skeleton Horse
0%
Tadpole
0%
Zombie Horse
0%
No matching quizzes found
Score Distribution
Percent of People with Each Score
Percentile by Number Answered
Your Score History
You have not taken this quiz